[Event "Osterskan op"]
[Site "Osterskan"]
[Date "1994.??.??"]
[Round "?"]
[White "Manninen, Marko"]
[Black "Ernst, Thomas"]
[Result "1/2-1/2"]
[WhiteElo "2375"]
[BlackElo "2485"]

1.d4 Nf6 2.c4 g6 3.g3 Bg7 4.Bg2 O-O 5.Nf3 d6 6.Nc3 Nc6 7.O-O a6 8.b3 Rb8
9.Nd5 Ne4 10.Bb2 e6 11.Nf4 Ng5 12.Nxg5 Qxg5 13.e3 Qe7 14.Qd2 Bd7 15.Rac1 f5
16.d5 Bxb2 17.Qxb2 Nd8 18.dxe6 Nxe6 19.Nxe6 Bxe6 20.Rfd1 Qg7 21.Qd4  1/2-1/2

[Event "Ostrava"]
[Site "Ostrava"]
[Date "1994.??.??"]
[Round "7"]
[White "Ftacnik, Lubomir"]
[Black "Stohl, Igor"]
[Result "1/2-1/2"]
[WhiteElo "2565"]
[BlackElo "2560"]

1.Nf3 g6 2.d4 Nf6 3.c4 Bg7 4.g3 O-O 5.Bg2 d6 6.Nc3 Nc6 7.O-O a6 8.Bg5 h6
9.Bd2 Bg4 10.d5 Na5 11.b3 b5 12.Qc1 Kh7 13.Qa3 Nb7 14.cxb5 axb5 15.Qb4 Bd7
16.a4 Nc5 17.axb5 Nxd5 18.Ng5+ hxg5 19.Bxd5 Rxa1 20.Rxa1 e6 21.Bg2 Qf6 22.Ra7 Rc8
23.Qa3 Qf5 24.b4 Bxc3 25.Qxc3 Qb1+ 26.Qc1 Qxc1+ 27.Bxc1 Nb3 28.b6 cxb6 29.Bxg5 Be8
30.Be3 d5 31.Bh3 Kg8 32.Bxb6 Bb5 33.Bg4 Nc1 34.Kf1 Nxe2 35.Bxe2 Rc1+ 36.Kg2 Bxe2
37.Ra8+ Kh7 38.Bd4 g5 39.h3 Rc4 40.Rh8+ Kg6 41.Rg8+ Kh6  1/2-1/2

[Event "Pardubice op"]
[Site "Pardubice"]
[Date "1994.??.??"]
[Round "1"]
[White "Bagaturov, Giorgi"]
[Black "Grunin, Arkady"]
[Result "0-1"]
[WhiteElo "2500"]
[BlackElo "2265"]

1.d4 Nf6 2.Nf3 g6 3.g3 Bg7 4.Bg2 O-O 5.c4 d6 6.Nc3 Nc6 7.O-O a6 8.b3 Rb8
9.Bb2 b5 10.cxb5 axb5 11.Rc1 Bd7 12.d5 Na7 13.Nd4 Rb6 14.Nb1 Qb8 15.b4 Rc8
16.Nb3 c6 17.e4 cxd5 18.exd5 Rxc1 19.Qxc1 Rb7 20.Bd4 Nc8 21.N1d2 Rc7 22.Qb2 Nb6
23.Na5 Na4 24.Qb3 e5 25.dxe6 Bxe6 26.Qf3 Bd5 27.Qf4 Nc3 28.Re1 Bxg2 29.Bxf6 Bh3
30.Bxc3 Bxc3 31.Nab3 Qa8 32.f3 Qa7+ 33.Qe3 Bxb4 34.g4 d5  0-1

[Event "Pardubice op2"]
[Site "Pardubice"]
[Date "1994.??.??"]
[Round "5"]
[White "Hachel"]
[Black "Piepho, Nils"]
[Result "0-1"]
[WhiteElo "2105"]
[BlackElo "1880"]

1.d4 Nf6 2.c4 g6 3.Nf3 Bg7 4.g3 O-O 5.Bg2 d6 6.O-O Nbd7 7.Nc3 e5 8.h3 Re8
9.e4 c6 10.Re1 Qa5 11.d5 cxd5 12.cxd5 b5 13.Bd2 a6 14.a4 b4 15.Na2 Rb8 16.b3 Nc5
17.Bxb4 Rxb4 18.Qd2 Nxb3 19.Qxb4 Qxb4 20.Nxb4 Nxa1 21.Rxa1 Nxe4 22.Rc1 Nc5
23.Nd2 Bh6 24.Rc2 Bxd2 25.Rxd2 Nxa4 26.Ra2 Nc5 27.Bf1 Re7 28.Nc6 Rc7 29.Rb2 Rb7
30.Rc2 Kf8 31.Na5 Rb1 32.Kg2 Bxh3+ 33.Kxh3 Rxf1 34.Nc4 Rd1 35.Nxd6 Rxd5 36.Nc4 Nb3
37.Ne3 Rb5 38.Rc8+ Kg7 39.Ra8 a5 40.Ra7 h5 41.Nc4 Rd5 42.f4 Kf8 43.Nxe5 Ke8
44.Kh4 Nd4 45.Ra8+ Ke7 46.Ra7+ Ke6 47.Nxf7 Nf3+ 48.Kh3 Rd7 49.Rxa5 Kxf7 50.Ra3 Ne1
51.Ra6 Re7 52.f5 gxf5 53.Kh4 Re6 54.Ra7+ Kg6 55.Ra8 Nf3+ 56.Kh3 Re2 57.g4 hxg4+
58.Kg3 Re7  0-1

[Event "Paris APSAP"]
[Site "Paris"]
[Date "1994.??.??"]
[Round "5"]
[White "Vareille, Francois"]
[Black "Murrey, Jacob"]
[Result "0-1"]
[WhiteElo "2430"]
[BlackElo "2495"]

1.d4 Nf6 2.c4 g6 3.Nf3 Bg7 4.g3 O-O 5.Bg2 d6 6.Nc3 Nc6 7.O-O Bf5 8.b3 Ne4
9.Nxe4 Bxe4 10.Bb2 e6 11.Qd2 a5 12.a3 Qf6 13.Rfd1 Rfd8 14.Rac1 d5 15.cxd5 Bxd5
16.Qc2 Qf5 17.Qc3 Qh5 18.Qc2 f5 19.Ne1 f4 20.Nd3 fxg3 21.hxg3 Bxg2 22.Kxg2 Qd5+
23.f3 Bxd4 24.Nf4 Qe5 25.Bxd4 Nxd4 26.Qxc7 Qxc7 27.Rxc7 e5 28.Nh3 Nxe2 29.Rxd8+ Rxd8
30.Rxb7 Rd2 31.Ng5 h5 32.Ne4 Rd3 33.Nf6+ Kf8 34.Nd7+ Ke8 35.Nxe5 Rd2 36.Kf2 Ra2
37.a4 g5 38.Nc6 Nd4+ 39.Ke3 Nxc6 40.Rb5 h4 41.Rxg5 hxg3 42.Rxg3 Rb2 43.Kd3 Rxb3+
44.Kc4 Rb4+ 45.Kc5 Nd4 46.Rg4 Ne6+ 47.Kc6 Ke7 48.Re4 Kf6 49.Kd5 Nf4+ 50.Kc5 Nd3+
51.Kd5 Rb8 52.Kd4 Nc1 53.Kd5 Nb3 54.Kc6 Kf5 55.Rh4 Rd8 56.Kb5 Ke5 57.Kc4 Rb8
58.Rh5+ Kd6 59.Rb5 Nd2+ 60.Kc3 Rxb5 61.axb5 Nxf3 62.Kc4 Kc7 63.Kc5 Ne5 64.b6+ Kb7
65.Kb5 Nc6 66.Kc5 a4  0-1

[Event "Paris"]
[Site "Paris"]
[Date "1994.??.??"]
[Round "7"]
[White "Relange, Eloi"]
[Black "Rotstein, Arkadij"]
[Result "1-0"]
[WhiteElo "2420"]
[BlackElo "2480"]

1.d4 Nf6 2.c4 g6 3.Nf3 Bg7 4.g3 O-O 5.Bg2 d6 6.O-O Nbd7 7.Nc3 e5 8.e4 exd4
9.Nxd4 Re8 10.h3 a6 11.Bg5 h6 12.Be3 Rb8 13.a4 a5 14.Ndb5 Ne5 15.b3 Bf8 16.Nd5 Nxd5
17.cxd5 c6 18.Nc3 Bg7 19.Rc1 c5 20.Nb5 f5 21.f4 Nf7 22.e5 dxe5 23.Bxc5 b6
24.Ba3 Ba6 25.d6 Bxb5 26.axb5 Qf6 27.d7 Red8 28.Rc6 e4 29.Rxf6 Bxf6 30.Qd5  1-0

[Event "Passau op"]
[Site "Passau"]
[Date "1994.??.??"]
[Round "?"]
[White "Jasnikowski, Zbigniew"]
[Black "Djeno, Mara"]
[Result "1-0"]
[WhiteElo "2475"]
[BlackElo "2160"]

1.d4 Nf6 2.c4 g6 3.Nf3 Bg7 4.g3 O-O 5.Bg2 d6 6.Nc3 Nbd7 7.O-O e5 8.e4 h6
9.h3 Kh7 10.Be3 Qe7 11.Qc2 c6 12.Rad1 Rd8 13.Rd2 exd4 14.Nxd4 Nb6 15.b3 d5
16.exd5 cxd5 17.c5 Nbd7 18.Ndb5 Ne5 19.Nd6 Be6 20.Bd4 Ne8 21.Nxe8 Qxe8 22.Re1 Bxh3
23.Rxe5 Bxe5 24.Bxh3 Bxd4 25.Rxd4 Qe1+ 26.Kh2 Re8 27.Qd2 Qe5 28.Rxd5 Qf6
29.Rd7 Re5 30.Nd5 Qf3 31.Qf4 Qxf4 32.gxf4 Re2 33.Rxf7+ Kg8 34.Rxb7 Rxf2+
35.Kg3 Rc2 36.Nf6+ Kf8 37.Be6  1-0

[Event "World op"]
[Site "Philadelphia"]
[Date "1994.??.??"]
[Round "?"]
[White "Pigusov, Evgeny"]
[Black "Remlinger, Larry"]
[Result "1-0"]
[WhiteElo "2570"]
[BlackElo "2425"]

1.Nf3 Nf6 2.c4 g6 3.g3 Bg7 4.d4 O-O 5.Bg2 d6 6.Nc3 Nbd7 7.O-O e5 8.e4 exd4
9.Nxd4 Re8 10.h3 a6 11.Be3 Rb8 12.Rc1 Ne5 13.b3 c5 14.Nde2 b5 15.f4 Ned7
16.Qxd6 b4 17.e5 bxc3 18.Nxc3 Nh5 19.g4 Bf8 20.Qd2 Ng7 21.Ne4 Be7 22.f5 Bh4
23.e6 Ne5 24.Qc3 gxf5 25.Qxe5 Bxe6 26.Nd6 Re7 27.Qf4 fxg4 28.hxg4 Qc7 29.g5 Rd8
30.Ne4 Nf5 31.Bxc5 Kh8 32.Bxe7 Qxe7 33.Qe5+ Ng7 34.Rcd1  1-0

[Event "POL-ch U20"]
[Site "?"]
[Date "1994.??.??"]
[Round "2"]
[White "Swol, Michal"]
[Black "Kania, Piotr"]
[Result "0-1"]
[WhiteElo "2310"]
[BlackElo "2275"]

1.d4 Nf6 2.c4 g6 3.Nf3 Bg7 4.g3 d6 5.Bg2 O-O 6.O-O Bg4 7.Nc3 Nc6 8.h3 Bxf3
9.Bxf3 Nd7 10.e3 e5 11.d5 Ne7 12.e4 a5 13.h4 f5 14.Rb1 Kh8 15.a3 Ng8 16.b4 b6
17.Kg2 Bh6 18.Rh1 Bxc1 19.Qxc1 axb4 20.axb4 Ndf6 21.Qd2 Qd7 22.Rhe1 f4 23.gxf4 Ng4
24.fxe5 Nxe5 25.Be2 Rxf2+ 26.Kxf2 Qh3 27.Qf4 Kg7 28.Rh1 Qxc3 29.Qg3 Rf8+
30.Kg2 Qc2 31.Rhe1 Nf3 32.Qxf3 Rxf3 33.Kxf3 Nf6 34.Bf1 Qh2 35.c5 Qxh4 36.Bd3 Nd7
37.Re3 Ne5+ 38.Ke2 Qh2+ 39.Kd1 Qg1+ 40.Kd2 Nc4+ 41.Bxc4 Qxb1 42.Bb3 Qb2+
43.Kd1 Qd4+ 44.Ke2 bxc5 45.bxc5 Qxc5  0-1

[Event "Wisla op (Women)"]
[Site "Poland"]
[Date "1994.??.??"]
[Round "?"]
[White "Bakalarz, Grazyna"]
[Black "Blimke, Dalia"]
[Result "1/2-1/2"]
[WhiteElo "2120"]
[BlackElo "2085"]

1.d4 Nf6 2.c4 g6 3.Nf3 Bg7 4.g3 O-O 5.Bg2 d6 6.O-O Nbd7 7.Nc3 e5 8.e4 c6
9.h3 Qb6 10.Re1 Qb4 11.Bf1 exd4 12.Nxd4 Qa5 13.Bf4 Ne5 14.Nb3 Qc7 15.c5 dxc5
16.Nxc5 Nh5 17.Bxe5 Bxe5 18.Qf3 Nxg3 19.fxg3 Bd4+ 20.Kh2 Bxc5 21.Rac1 Qe5
22.Ne2 Be6 23.b3 Rad8 24.Nf4 Qb2+ 25.Bg2 Bb6 26.Ra1 Rd2 27.Rf1 Qe5 28.h4 Bc5
29.a3 Rfd8 30.b4 Be7 31.Nxe6 Qxe6 32.Rad1 Rxd1 33.Rxd1 Rxd1 34.Qxd1 Qd6 35.Qxd6 Bxd6
36.Kh3 a5 37.bxa5 Bxa3 38.Bf1 Bc5 39.Kg4 Kf8 40.Bc4 Ke7 41.Kf4 f6 42.g4 Bb4
43.a6 bxa6 44.Bxa6 Bd2+ 45.Kf3 Ke6 46.Bc4+ Ke5 47.Bg8 h6 48.Bh7 g5 49.hxg5 hxg5
50.Ke2 Bb4 51.Kd3 c5 52.Kc4 Kf4 53.Bf5 Ke3 54.Bg6 Kf4 55.Bf5 Kf3 56.Kd3 Be1
57.Kc4 Bf2 58.Kd3 Bd4 59.Kc4  1/2-1/2

[Event "POR-ch"]
[Site "?"]
[Date "1994.??.??"]
[Round "9"]
[White "Fernandes, Antonio"]
[Black "Pereira, Joao"]
[Result "1-0"]
[WhiteElo "2425"]
[BlackElo "2215"]

1.c4 Nf6 2.g3 g6 3.Bg2 Bg7 4.Nf3 d6 5.d4 O-O 6.O-O Nc6 7.b3 e5 8.Bb2 Nd7
9.e3 e4 10.Ne1 f5 11.Nc3 Nf6 12.Nc2 a5 13.a3 h5 14.f4 Kf7 15.h3 Rh8 16.d5 Ne7
17.Nd4 Neg8 18.Qc2 Nh6 19.Rad1 h4 20.g4 Nhxg4 21.hxg4 Nxg4 22.Ne6 Bxe6 23.dxe6+ Kxe6
24.Bh3 Bxc3 25.Bxc3 Nf6 26.Rf2 Rg8 27.Rg2 Qd7 28.Bxf6 Kxf6 29.Qxe4 Qe7 30.Qxe7+ Kxe7
31.Kf2 Kf6 32.Rg5 Rab8 33.a4 Rbe8 34.Rdg1 Kf7 35.Rd1 Re6 36.Bg2 c6 37.Bf3 Rb8
38.Rd3 b5 39.Bxc6 bxc4 40.bxc4 Rb2+ 41.Kf3 Kf6 42.Bd7  1-0

[Event "POR-ch"]
[Site "?"]
[Date "1994.??.??"]
[Round "11"]
[White "Fernandes, Antonio"]
[Black "Silva, Fernando"]
[Result "1-0"]
[WhiteElo "2425"]
[BlackElo "2385"]

1.c4 g6 2.d4 Bg7 3.g3 Nf6 4.Bg2 O-O 5.Nf3 d6 6.O-O c5 7.Nc3 Nc6 8.d5 Na5
9.Nd2 e5 10.dxe6 Bxe6 11.Nd5 Rb8 12.a4 Ng4 13.Ra3 Ne5 14.b3 f5 15.Nb1 Nac6
16.Ra2 Nb4 17.Rd2 Nxd5 18.Bxd5 Bxd5 19.Rxd5 Nf7 20.Bf4 Qe7 21.Rxd6 Nxd6 22.Bxd6 Qe6
23.Bxb8 Rxb8 24.Qd2 Qb6 25.Qc2 Qf6 26.Rd1 Rd8 27.Rxd8+ Qxd8 28.Nd2 Qd4 29.Nf3 Qa1+
30.Kg2 h6 31.Qd3 b6 32.h4 Qf6 33.a5 Kh7 34.h5 gxh5 35.axb6 axb6 36.Nh4 Qe6
37.Nxf5 Kh8 38.e4 Be5  1-0

[Event "CRO-ch (Women)"]
[Site "Porec"]
[Date "1994.??.??"]
[Round "?"]
[White "Belamaric, Tanja"]
[Black "Poljak, Srebrenka"]
[Result "1-0"]
[WhiteElo "2160"]
[BlackElo "2030"]

1.d4 Nf6 2.c4 g6 3.Nf3 Bg7 4.g3 d6 5.Bg2 O-O 6.O-O Nbd7 7.Nc3 e5 8.e4 c6
9.h3 Qb6 10.c5 dxc5 11.dxe5 Ne8 12.Na4 Qa5 13.Bd2 Qa6 14.Bg5 Nc7 15.Be7 Re8
16.Nxc5 Nxc5 17.Bxc5 Ne6 18.Bd6 c5 19.Re1 Bd7 20.a4 Rad8 21.Qc2 b6 22.b3 Qb7
23.Rad1 Bc6 24.Kh2 Rd7 25.h4 a5 26.Bh3 h6 27.Bf1 Kh7 28.Bc4 Qa8 29.Bd5 Qb7
30.Qc4 Nd8 31.Kg2 Ne6 32.Rd2 Qc8 33.Red1 Qb7 34.Re1 Qc8 35.Red1 Qb7 36.Qf1 Qc8
37.Qh1 Qb7 38.h5 g5 39.Qh3 Kg8 40.Qf5 Qc8 41.Rc1 Qb7 42.Rd3 Bh8 43.Kh2 Bg7
44.Qg4 Bh8 45.Nh4 Kh7 46.Nf5 f6 47.Ne3 Bxd5 48.Qf5+ Kg8 49.exd5 Ng7 50.Qg6 fxe5
51.Nf5  1-0

[Event "Portoroz op"]
[Site "Portoroz"]
[Date "1994.??.??"]
[Round "?"]
[White "Muhtarov, Leonid"]
[Black "Roskar, Robert"]
[Result "1-0"]
[WhiteElo "2180"]
[BlackElo "2255"]

1.c4 g6 2.Nf3 Bg7 3.d4 Nf6 4.g3 O-O 5.Bg2 d6 6.O-O Nbd7 7.Nc3 c6 8.Qc2 e5
9.Rd1 Re8 10.e4 a5 11.h3 Qe7 12.Be3 b6 13.a3 Bb7 14.dxe5 dxe5 15.Rac1 Rab8
16.Qb1 Bf8 17.Ne1 Ba6 18.Bf1 Qe6 19.Nf3 h6 20.Nd2 Qe7 21.Na2 Bb7 22.b4 Ra8
23.c5 axb4 24.axb4 bxc5 25.bxc5 Reb8 26.Qc2 Ba6 27.Bxa6 Rxa6 28.Qc4 Ra5 29.Nb4 Rc8
30.Nb3 Ra3 31.Rd6 Nb8 32.Rcd1 Kg7 33.Bc1 Ra7 34.Bb2 Qe8 35.R6d2 Nbd7 36.Nd3 Rb8
37.Bc3 Rab7 38.Na5 Rc7 39.f4  1-0

[Event "Pula PCA op"]
[Site "Pula"]
[Date "1994.??.??"]
[Round "?"]
[White "Muhtarov, Leonid"]
[Black "Rogic, Davor"]
[Result "1-0"]
[WhiteElo "2180"]
[BlackElo "2390"]

1.c4 g6 2.Nf3 Bg7 3.d4 Nf6 4.g3 d6 5.Bg2 O-O 6.O-O Nbd7 7.Nc3 e5 8.e4 c6
9.h3 Qb6 10.Re1 Re8 11.Na4 Qc7 12.dxe5 dxe5 13.c5 Nf8 14.Qc2 Ne6 15.Be3 Nh5
16.Rad1 Rf8 17.b4 f5 18.Bc1 Nd4 19.Nxd4 exd4 20.Bb2 f4 21.g4 f3 22.Qb3+ Kh8
23.Bf1 Ng3 24.Rxd4 Nxf1 25.Rxf1 Qf4 26.Bc1 Qf6 27.Rd3 Be6 28.Bb2 Bxb3 29.Bxf6 Bxa4
30.Bxg7+ Kxg7 31.Re1 Rf7 32.e5 Bb5 33.Rd6 Be2 34.e6 Re7 35.Rc1 Rae8 36.Rc3 Rxe6
37.Rd7+ R8e7 38.Rd8 h5 39.Kh2 hxg4 40.hxg4 Re4 41.Kg3 Kf6  1-0

[Event "Pula PCA op"]
[Site "Pula"]
[Date "1994.??.??"]
[Round "?"]
[White "Tukmakov, Vladimir B"]
[Black "Kruppa, Yuri"]
[Result "1/2-1/2"]
[WhiteElo "2570"]
[BlackElo "2505"]

1.d4 Nf6 2.c4 g6 3.g3 Bg7 4.Bg2 O-O 5.Nf3 d6 6.O-O Nbd7 7.Nc3 e5 8.e4 c6
9.b3 Qb6 10.Bb2 Re8 11.Rb1 exd4 12.Na4 Qa5 13.Nxd4 Nc5 14.Bc3 Qc7 15.Nxc5 dxc5
16.Nc2 Nh5 17.Qd2 Bg4 18.Ne3 Rad8 19.Qb2 Bc8 20.Rbd1 Bxc3 21.Qxc3 Ng7 22.f4 Rxd1
23.Rxd1 Rd8 24.Rd2 Rxd2 25.Qxd2 f6 26.Kf2 Kf7 27.h4 Ke7 28.Bf3 Ne8 29.Bg4 Nd6
30.Qd3 Qa5 31.a4 Bxg4 32.Nxg4 Qc3 33.Ke2 Qxd3+ 34.Kxd3 f5 35.Nf2 h5 36.e5  1/2-1/2

[Event "Pula PCA op"]
[Site "Pula"]
[Date "1994.??.??"]
[Round "?"]
[White "Tukmakov, Vladimir B"]
[Black "Timoshenko, Georgy"]
[Result "1/2-1/2"]
[WhiteElo "2570"]
[BlackElo "2520"]

1.d4 Nf6 2.Nf3 g6 3.c4 Bg7 4.g3 O-O 5.Bg2 d6 6.O-O Nbd7 7.Nc3 e5 8.e4 c6
9.b3 Qb6 10.Rb1 exd4 11.Nxd4 Nxe4 12.Nxe4 Bxd4 13.Bb2 Bxb2 14.Rxb2 d5 15.cxd5 cxd5
16.Qxd5 Nf6 17.Nxf6+ Qxf6 18.Rd2 a5 19.Qb5 Qa6 20.Qe5 a4 21.Rd6 Qa5 22.Bd5 Ra6
23.Rxa6 Qxa6 24.Re1 axb3 25.axb3 Bd7 26.h4 h5 27.Qg5 Kg7 28.Re7 Qa1+ 29.Kg2 Bc6
30.Bxc6 bxc6 31.Qc5 Qd1 32.Qc3+ Kh7 33.Rc7 Qd5+ 34.Kh2 Qf5 35.Kg2 Qe4+ 36.Kg1 Qb1+
37.Kh2 Qf5 38.Qe3 Re8 39.Qxe8  1/2-1/2

[Event "Pula PCA op"]
[Site "Pula"]
[Date "1994.??.??"]
[Round "?"]
[White "Hulak, Krunoslav"]
[Black "Osiecki, Stanislaw"]
[Result "1-0"]
[WhiteElo "2530"]
[BlackElo "2220"]

1.d4 Nf6 2.c4 g6 3.g3 Bg7 4.Bg2 O-O 5.Nf3 d6 6.O-O Nc6 7.Nc3 a6 8.d5 Na5
9.Nd2 c5 10.Qc2 Rb8 11.b3 b5 12.Rb1 e5 13.cxb5 axb5 14.b4 cxb4 15.Rxb4 Bd7
16.Qd3 e4 17.Ncxe4 Bf5 18.Rxb5 Re8 19.Nxf6+ Bxf6 20.e4 Bd7 21.Rb1 Nb7 22.Ba3  1-0

[Event "CRO-Cup"]
[Site "Pula"]
[Date "1994.??.??"]
[Round "3"]
[White "Dizdar, Goran"]
[Black "Loncar, Robert"]
[Result "1-0"]
[WhiteElo "2465"]
[BlackElo "2410"]

1.d4 Nf6 2.Nf3 g6 3.g3 Bg7 4.Bg2 O-O 5.c4 d6 6.O-O Nbd7 7.Nc3 e5 8.e4 exd4
9.Nxd4 Re8 10.Re1 a6 11.b3 Rb8 12.Bb2 Nc5 13.Qc2 Bd7 14.Rad1 a5 15.Ndb5 Ra8
16.a3 Qc8 17.f3 h5 18.Bc1 Nh7 19.Nd5 Bxb5 20.cxb5 Qd8 21.Be3 Ne6 22.f4 Nf6
23.e5 dxe5 24.fxe5 Nxd5 25.Bxd5 Qe7 26.Bxb7 Rad8 27.Bc6 Rxd1 28.Rxd1 Rd8
29.Rxd8+ Qxd8 30.Qd2 Qe7 31.Qxa5 Bxe5 32.b6 Nd8 33.Bd5 Bxg3 34.Bg5 Qxg5 35.Bxf7+ Nxf7
36.Qxg5 Nxg5 37.b7 Nh3+ 38.Kg2 Nf4+ 39.Kf3  1-0

[Event "Rishon Le Ziyyon"]
[Site "Rishon Le Ziyyon"]
[Date "1994.??.??"]
[Round "1"]
[White "Davies, Nigel R"]
[Black "Sutovskij, Emil"]
[Result "1-0"]
[WhiteElo "2510"]
[BlackElo "2480"]

1.d4 Nf6 2.Nf3 g6 3.c4 Bg7 4.g3 O-O 5.Bg2 d6 6.O-O Nc6 7.Nc3 Bf5 8.b3 Ne4
9.Nd5 Bd7 10.Bb2 f5 11.e3 e6 12.Nf4 g5 13.Nd3 Ne7 14.Nd2 Nxd2 15.Qxd2 Bc6
16.f4 g4 17.Bxc6 bxc6 18.Rfe1 Qd7 19.Re2 Rad8 20.Qa5 Ng6 21.Rae1 Qf7 22.Qa6 Qd7
23.e4 fxe4 24.Rxe4 Rfe8 25.R1e2 e5 26.fxe5 dxe5 27.Nc5 Qe7 28.Nb7 Rf8 29.Qa5 Rb8
30.Ba3 Qf6 31.Bxf8 Rxf8 32.Qe1 exd4 33.Nc5 Bh6 34.Nd7 Qg5 35.Nxf8 Bxf8 36.Qd2 Qf5
37.Re8 d3 38.Rf2  1-0

[Event "ROM-chT"]
[Site "ROM"]
[Date "1994.??.??"]
[Round "?"]
[White "Danilov, Vladimir"]
[Black "Pavlov, Mircea"]
[Result "0-1"]
[WhiteElo "2315"]
[BlackElo "2385"]

1.d4 Nf6 2.Nf3 g6 3.c4 Bg7 4.g3 O-O 5.Bg2 d6 6.Nc3 c6 7.h3 Nbd7 8.O-O e5
9.e4 Qb6 10.c5 dxc5 11.dxe5 Ne8 12.Na4 Qb4 13.Bd2 Qxe4 14.Re1 Qc4 15.Rc1 Qa6
16.a3 Nc7 17.Nxc5 Nxc5 18.Rxc5 Be6 19.Qc1 Bd5 20.Bh6 Ne6 21.Rc3 Rad8 22.Bxg7 Kxg7
23.Ng5 Qb6 24.Bxd5 Rxd5 25.Rf3 Nd4 26.Rf4 h6 27.Nf3 Ne6 28.Rh4 Rh8 29.Rb4 Qc7
30.Rc4 Qd7 31.Kg2 Rd3 32.Rc3 Rd8 33.Rxd3 Qxd3 34.Qe3 c5 35.Re2 b5 36.Qxd3 Rxd3  0-1

[Event "Romania (Women)"]
[Site "Romania"]
[Date "1994.??.??"]
[Round "?"]
[White "Kiseleva, Natalia"]
[Black "Safranska, Anda"]
[Result "1-0"]
[WhiteElo "2190"]
[BlackElo "2345"]

1.d4 Nf6 2.c4 g6 3.Nf3 Bg7 4.g3 O-O 5.Bg2 d6 6.O-O Nc6 7.Nc3 a6 8.d5 Na5
9.Nd2 c5 10.Rb1 Rb8 11.b3 b5 12.Bb2 e5 13.dxe6 fxe6 14.cxb5 axb5 15.Nde4 Rb6
16.Qd2 Nb7 17.Nxf6+ Bxf6 18.e4 Qe7 19.Ne2 Bxb2 20.Rxb2 b4 21.Qe3 Ra6 22.Rd1 Ra3
23.Rc2 Bd7 24.Nc1 Rfa8 25.Rdd2 R8a5 26.f4 Nd8 27.Bf1 Nc6 28.Ne2 d5 29.exd5 exd5
30.Qf3 d4 31.Nc1 Kg7 32.Re2 Qd6 33.Re1 Ne7 34.Bd3 Nf5 35.Bxf5 Bxf5 36.Rce2 Ra7
37.g4 Bc8 38.Re8 Rc7 39.f5 Bb7 40.Qh3 d3 41.fxg6 Qxg6 42.R8e7+ Rxe7 43.Rxe7+ Kf8
44.Rxb7  1-0

[Event "Sala op"]
[Site "Sala"]
[Date "1994.??.??"]
[Round "3"]
[White "Mochalov, Evgeny V"]
[Black "Balogh, Tomas"]
[Result "1/2-1/2"]
[WhiteElo "2450"]
[BlackElo "2250"]

1.d4 Nf6 2.c4 g6 3.Nf3 Bg7 4.g3 O-O 5.Bg2 d6 6.O-O c5 7.d5 Na6 8.Nc3 Nc7
9.a4 Rb8 10.e4 b6 11.Re1 a6 12.e5 Nfe8 13.exd6 Nxd6 14.Bf1 b5 15.axb5 axb5
16.cxb5 Ndxb5 17.Nxb5 Nxb5 18.Bf4 Rb7 19.Ne5 Nd4 20.Nc6 Qe8 21.Bg2 Nxc6 22.dxc6 Rxb2
23.Be5 Bxe5 24.Rxe5 e6 25.Qc1 Rb3 26.Qc2 Rb6 27.Rxc5 Qe7 28.Qc3 Rb3 29.Qxb3 Qxc5
30.Qb2 e5 31.Rc1 Qd4 32.Qe2 Bg4 33.Qa6 Bc8 34.Qa3 Kg7 35.Qe7 Be6 36.c7 e4
37.Qa3 Rc8 38.Bf1 Qe5 39.Qa7 Re8 40.Ba6 Bc8 41.Bxc8 Rxc8 42.Qb7 Qe6 43.Rc6 Qd7
44.Qb2+ Kg8 45.Rc1 h5 46.h4 Qe7 47.Rc3 Kh7 48.Qc1 Kg7 49.Rc6 Kh7 50.Qc3 Qd7
51.Kg2 Qe7 52.Rc5 Qd6 53.Qb4 Qe6 54.Rc3 Qd7 55.Qc5 Qe6 56.Qd4 Qe7 57.Qc4 Qd7
58.Qc5 Qe6 59.Qc4 Qd7 60.Rc1 Qe7 61.Kf1 Qd7 62.Ke1 Kh6 63.Qc6 Qe7 64.Ke2 Kh7
65.Rc3 Kh6 66.Ke3 Kh7 67.Qb7  1/2-1/2

[Event "Sala op"]
[Site "Sala"]
[Date "1994.??.??"]
[Round "4"]
[White "Tepper, Frantisek"]
[Black "Sorsak, Jozef"]
[Result "1-0"]
[WhiteElo "2310"]
[BlackElo "2125"]

1.Nf3 Nf6 2.g3 g6 3.Bg2 Bg7 4.c4 d6 5.d4 O-O 6.Nc3 Nbd7 7.O-O e5 8.e4 c6
9.h3 Qb6 10.dxe5 dxe5 11.Qc2 Re8 12.Be3 Qb4 13.Nd2 Qe7 14.Rfd1 a5 15.Bf1 Nc5
16.Nb3 Nfd7 17.Nxc5 Nxc5 18.Na4 Nxa4 19.Qxa4 f5 20.exf5 gxf5 21.c5 Bf6 22.Kh2 Kh8
23.Qc2 Qg7 24.Bg2 Rg8 25.Rg1 Be6 26.Rad1 Qf7 27.Rd2 Qh5 28.Rd6 Rae8 29.a4 f4
30.Bc1 Rg6 31.Qd1 Bg4 32.Qf1 f3 33.Bh1 Be6 34.g4 Bxg4 35.Rxg4 Rxg4 36.Bxf3 Reg8
37.Bxg4 Rxg4 38.Rxf6 Rg8 39.Rh6 Qf5 40.Rh4 e4 41.Rf4 Qe5 42.Qe2 Rf8 43.Qe3 Rg8
44.Kh1 Re8 45.Bd2  1-0

[Event "Sala op"]
[Site "Sala"]
[Date "1994.??.??"]
[Round "5"]
[White "Mochalov, Evgeny V"]
[Black "Salai, Ladislav"]
[Result "1/2-1/2"]
[WhiteElo "2450"]
[BlackElo "2395"]

1.d4 Nf6 2.Nf3 g6 3.g3 Bg7 4.Bg2 O-O 5.c4 d6 6.O-O Nc6 7.Nc3 a6 8.h3 Rb8
9.Bg5 h6 10.Be3 b5 11.cxb5 axb5 12.Rc1 Bd7 13.d5 Na5 14.b3 c5 15.dxc6 Bxc6
16.Nd4 Bxg2 17.Kxg2 Qd7 18.Qd2 Kh7 19.Nf3 b4 20.Na4 Qb5 21.Bd4 Rfc8 22.Bxf6 Bxf6
23.Rc2 Nc4 24.Qc1 Nb6 25.Nxb6 Rxc2 26.Qxc2 Qxb6 27.Rc1 Ra8 28.Qd2 Ra3 29.Rc2 Bc3
30.Qe3 Qxe3 31.fxe3 Kg7 32.Nd2 Ra6 33.e4 e6 34.Nf1 f5 35.Kf3 Ra5 36.Ne3 fxe4+
37.Kxe4 d5+ 38.Kf3 e5 39.a4 e4+ 40.Kg2 Kf7 41.Nd1 Bd4 42.Rc7+ Kf6 43.Rc6+ Kf7
44.Rc7+ Kf6 45.Rc6+ Kf7  1/2-1/2

[Event "Sala op"]
[Site "Sala"]
[Date "1994.??.??"]
[Round "9"]
[White "Kolesar, Milan"]
[Black "Safranska, Anda"]
[Result "1-0"]
[WhiteElo "2290"]
[BlackElo "2345"]

1.c4 Nf6 2.Nf3 g6 3.g3 Bg7 4.Bg2 d6 5.d4 O-O 6.O-O Nc6 7.Nc3 a6 8.d5 Na5
9.Nd2 c5 10.Rb1 Rb8 11.b3 b5 12.Bb2 Nd7 13.Qc2 Qe8 14.Nce4 Bxb2 15.Rxb2 Nb6
16.h3 Bf5 17.g4 Bxe4 18.Bxe4 Qd7 19.Qc3 Nb7 20.Qe3 e5 21.g5 f5 22.gxf6 Rxf6
23.Kh2 Rbf8 24.Bd3 Rf4 25.Ne4 Nd8 26.Rg1 Kh8 27.Rg2 Nc8 28.Rb1 Nf7 29.Rbg1 Ne7
30.Qd2 b4 31.Rg4 Nh6 32.Rxf4 Rxf4 33.Rg2 Neg8 34.Ng5 Qe7 35.Ne6 Rf6 36.Qe3 Nf7
37.Kg1 Nd8 38.Ng5 Qf8 39.Rg4 Kg7 40.Rh4 h6 41.Ne4 Rf4 42.Rxf4 exf4 43.Qf3 g5
44.h4 Nf7 45.hxg5 hxg5 46.Qg4 Qd8 47.Qe6 Nf6 48.Qf5 Nxe4 49.Qxe4 Qf6 50.Qh7+ Kf8
51.Bg6 Qg7 52.Qh5 Ne5 53.Bf5 a5 54.Qh3 Nf7 55.Bh7 Qh6 56.Qc8+ Kg7 57.Bf5 Qh8
58.Qb7 Kf6 59.Be6 Nd8 60.Qd7 Qf8 61.Bg4 Qe7 62.Qf5+ Kg7 63.Bh5 Kg8 64.Qg6+ Kf8
65.Bg4 Qe5 66.Kg2 Nf7 67.Be6 Nd8 68.Qg8+ Ke7 69.Qh7+ Kf8 70.Qd7 Qf6 71.Qxd6+ Qe7
72.Qe5 Nxe6 73.dxe6 Kg8 74.Kf3 Kh7 75.Kg4 Kg6 76.Qf5+ Kh6 77.Qf7 Qd6 78.Qf6+ Kh7
79.Qf7+ Kh6 80.Qh5+ Kg7 81.Qxg5+ Kf8 82.Qxf4+ Qxf4+ 83.Kxf4  1-0

[Event "San Mateo"]
[Site "San Mateo"]
[Date "1994.??.??"]
[Round "?"]
[White "Leski, Marc"]
[Black "Busquets, Luis"]
[Result "1-0"]
[WhiteElo "2440"]
[BlackElo "2245"]

1.Nf3 d6 2.d4 g6 3.g3 Bg7 4.Bg2 Nf6 5.c4 O-O 6.O-O Nc6 7.Nc3 a6 8.d5 Na5
9.Nd2 c5 10.Qc2 Rb8 11.b3 b5 12.Bb2 e6 13.dxe6 fxe6 14.cxb5 axb5 15.Nce4 Qe7
16.Nxf6+ Bxf6 17.Bxf6 Rxf6 18.Ne4 Rf8 19.Qd2 Nb7 20.Rac1 b4 21.Qe3 Ra8 22.Rc2 Ra3
23.g4 d5 24.Nxc5 Nxc5 25.Rxc5 Qd6 26.Rfc1 Bd7 27.Qd2 Qf4 28.Qxf4 Rxf4 29.Rc7 Bb5
30.R1c2 Rf7 31.R7c5 Ba6 32.Rc6 Re7  1-0

[Event "San Mateo"]
[Site "San Mateo"]
[Date "1994.??.??"]
[Round "?"]
[White "Leski, Marc"]
[Black "Remlinger, Larry"]
[Result "0-1"]
[WhiteElo "2440"]
[BlackElo "2425"]

1.Nf3 Nf6 2.c4 g6 3.d4 Bg7 4.g3 O-O 5.Bg2 d6 6.O-O Nbd7 7.Nc3 e5 8.e4 exd4
9.Nxd4 Re8 10.h3 a6 11.Re1 Rb8 12.b3 c5 13.Nc2 b5 14.cxb5 axb5 15.Qxd6 Rb6
16.Qd1 b4 17.Na4 Rbe6 18.Bb2 Qa5 19.Ne3 Nxe4 20.Nc4 Qa7 21.Bxg7 Kxg7 22.Qc2 Ndf6
23.Re3 Bd7 24.Ncb6 Bxa4 25.Nxa4 c4 26.Rae1 Nxf2 27.Rxe6 Nd3+ 28.Kf1 fxe6  0-1

[Event "San Sebastian op"]
[Site "San Sebastian"]
[Date "1994.??.??"]
[Round "2"]
[White "Izeta Txabarri, Felix"]
[Black "Miguel, Fernando"]
[Result "1-0"]
[WhiteElo "2460"]
[BlackElo "2270"]

1.d4 Nf6 2.Nf3 g6 3.c4 Bg7 4.g3 d6 5.Bg2 O-O 6.O-O Nbd7 7.Nc3 e5 8.e4 c6
9.h3 exd4 10.Nxd4 Nc5 11.Be3 Re8 12.Qc2 Qe7 13.Rfe1 Bd7 14.Rad1 Rad8 15.b4 Ne6
16.f4 Nxd4 17.Bxd4 Be6 18.Bf1 c5 19.bxc5 dxc5 20.Bf2 Rxd1 21.Rxd1 Rd8 22.Re1 Qd7
23.e5 Nh5 24.Rd1 Qc8 25.Rxd8+ Qxd8 26.Qe4 Qc8 27.Nd5 Bf8 28.g4 Ng7 29.Bd3 h5
30.Qf3 Bxd5 31.cxd5 c4 32.Bc2 Bc5 33.f5 Bxf2+ 34.Kxf2 Qc5+ 35.Kg2 Qd4 36.fxg6 Qd2+
37.Kf1 fxg6 38.Bxg6 Qc1+ 39.Ke2 Qb2+ 40.Kd1 Qa1+ 41.Kd2 Qb2+ 42.Bc2 Qd4+
43.Kc1 Qa1+ 44.Kd2 Qd4+ 45.Kc1 Qa1+ 46.Bb1 Qxe5 47.gxh5 Qg5+ 48.Kb2 Qe5+
49.Qc3 Qxh5 50.Qxc4 Qxh3 51.Bc2 Qd7 52.d6+ Ne6 53.Bb3 Kf7 54.Qd4 Kg6 55.Bc2+ Kf7
56.Qe5 Qd8 57.Qh5+ Kg7 58.Qg6+ Kf8 59.Qf5+ Kg7 60.Qxe6 Qb6+ 61.Qb3 Qxd6 62.Qxb7+ Kf6
63.Qf3+  1-0

[Event "San Sebastian op"]
[Site "San Sebastian"]
[Date "1994.??.??"]
[Round "4"]
[White "Izeta Txabarri, Felix"]
[Black "Damljanovic, Branko"]
[Result "0-1"]
[WhiteElo "2460"]
[BlackElo "2560"]

1.d4 Nf6 2.Nf3 g6 3.c4 Bg7 4.g3 O-O 5.Bg2 d6 6.O-O c6 7.Nc3 Qa5 8.h3 Be6
9.Qd3 Qa6 10.b3 d5 11.Ne5 Rd8 12.Bb2 dxc4 13.Nxc4 Bxc4 14.Qxc4 Qxc4 15.bxc4 Rxd4
16.Nd5 Nxd5 17.cxd5 Rb4 18.Bxg7 Kxg7 19.Rfc1 Rb6 20.e3 a5 21.Rab1 Raa6 22.Bf1 Rxb1
23.Rxb1 Ra7 24.dxc6 Nxc6 25.Bg2 e6 26.Bxc6 bxc6 27.Rb6 Rc7 28.Ra6 c5 29.Rxa5 c4
30.Rb5 c3 31.Rb1 Kf6 32.Kf1 Ke5 33.a3 c2 34.Rc1 Rc3 35.Ke2 Ke4 36.a4 h5 37.h4 e5
38.a5 Kf5 39.a6 Kg4 40.a7 Ra3 41.Rxc2 Rxa7 42.Rd2 Kh3 43.Rc2 e4 44.Rd2 Kg2
45.Rc2 Rb7 46.Rd2 Ra7 47.Rc2 Ra1  0-1